Vasútépítések a Dunántúlon és Erdélyben

Elmentve itt :
Bibliográfiai részletek
Szerző: Nagy Tamás
További közreműködők: Majdán János
Dokumentumtípus: Cikk
Megjelent: Belvedere Meridionale Szeged 1999
Sorozat:Belvedere Meridionale 11 No. 3-4
Kulcsszavak:Vasút története - Magyarország - regionális - könyvismertetés, Vasút története - Erdély - könyvismertetés
Tárgyszavak:
Online Access:http://acta.bibl.u-szeged.hu/4709
LEADER 00837nab a2200205 i 4500
001 acta4709
005 20250804135640.0
008 161015s1999 hu o 000 hun d
040 |a SZTE Egyetemi Kiadványok Repozitórium  |b hun 
041 |a hun 
100 1 |a Nagy Tamás 
245 1 0 |a Vasútépítések a Dunántúlon és Erdélyben  |h [elektronikus dokumentum] /  |c  Nagy Tamás 
260 |a Belvedere Meridionale  |b Szeged  |c 1999 
300 |a 154-156 
490 0 |a Belvedere Meridionale  |v 11 No. 3-4 
650 4 |a Bölcsészettudományok 
650 4 |a Történettudomány és régészet 
695 |a Vasút története - Magyarország - regionális - könyvismertetés, Vasút története - Erdély - könyvismertetés 
700 0 1 |a Majdán János 
856 4 0 |u http://acta.bibl.u-szeged.hu/4709/1/belvedere_1999_003_004_154-156.pdf  |z Dokumentum-elérés